Elementary algebra I : patterns and practicalities / (Record no. 8575)

MARC details
000 -LEADER
fixed length control field 00532nam a22001697a 4500
003 - CONTROL NUMBER IDENTIFIER
control field OSt
005 - DATE AND TIME OF LATEST TRANSACTION
control field 20260226061100.0
008 - FIXED-LENGTH DATA ELEMENTS--GENERAL INFORMATION
fixed length control field 260226b |||||||| |||| 00| 0 eng d
020 ## - INTERNATIONAL STANDARD BOOK NUMBER
International Standard Book Number 9789715226387
040 ## - CATALOGING SOURCE
Original cataloging agency DWCL-Main Lib
Transcribing agency OC
082 ## - DEWEY DECIMAL CLASSIFICATION NUMBER
Classification number Fil. 512 N735e 2007
100 ## - MAIN ENTRY--PERSONAL NAME
Personal name Nivera, Gladys C.
245 ## - TITLE STATEMENT
Title Elementary algebra I : patterns and practicalities /
260 ## - PUBLICATION, DISTRIBUTION, ETC.
Place of publication, distribution, etc. Makati City, Philippines :
Name of publisher, distributor, etc. Don Bosco Press,
Date of publication, distribution, etc. c2007.
300 ## - PHYSICAL DESCRIPTION
Extent xiii, 367 pages :
Other physical details color illustrations ;
Dimensions 25 cm.
942 ## - ADDED ENTRY ELEMENTS (KOHA)
Source of classification or shelving scheme Dewey Decimal Classification
Koha item type Book-Filipiniana
Call number suffix Fil.
Suppress in OPAC No
952 ## - LOCATION AND ITEM INFORMATION (KOHA)
--
Holdings
Withdrawn status Lost status Source of classification or shelving scheme Damaged status Not for loan Home library Current library Shelving location Date acquired Source of acquisition Total Checkouts Full call number Barcode Date last seen Copy number Price effective from Koha item type Uniform Resource Identifier
    Dewey Decimal Classification     Junior High School Library Junior High School Library Filipiniana 06/01/2010 Donation   Fil. 512 N735e 2007 JHS - 15599 02/26/2026 c1 02/26/2026 BK - FIL